000
002710000a22000970004500
100
1
_a
Kraft, Charles H. (1924- )
245
1
0
_a
Contextualisation theory in Euro-american missiology
300
_a
Núm 80 (1997), Páginas 10-11
773
0
_t
World Evangelization
942
_c
ANA
999
_c
57497
_d
57497